ՀՀ Գիտությունների ազգային ակադեմիայի հիմնարար գիտական գրադարան  =   Fundamental Scientific Library of NAS RA

The Art of Armenian Manuscript painting = (Record no. 540580)

MARC details
000 -LEADER
fixed length control field 01000nam a2200253 a 4500
001 - CONTROL NUMBER
control field 2047163
003 - CONTROL NUMBER IDENTIFIER
control field AM-YEHGA
005 - DATE AND TIME OF LATEST TRANSACTION
control field 20260409133024.0
008 - FIXED-LENGTH DATA ELEMENTS--GENERAL INFORMATION
fixed length control field 260130s2025 ai a|||fr ||| 00| 0 eng d
020 ## - INTERNATIONAL STANDARD BOOK NUMBER
International Standard Book Number 978-9939-897-44-8
040 ## - CATALOGING SOURCE
Original cataloging agency AM-YEHGA
041 1# - LANGUAGE CODE
Language code of text/sound track or separate title eng
Language code of original arm
245 04 - TITLE STATEMENT
Title The Art of Armenian Manuscript painting =
Remainder of title Հայկական ձեռագրերի մանրանկարչական արվեստը /
Statement of responsibility, etc. Compiled by Christina Maranci, Lusine Sargsyan; Editor: Lusine Sargsyan; Matenadaran, Mesrop Mashtots Institute of Ancient Manuscripts.
246 15 - VARYING FORM OF TITLE
Title proper/short title Հայկական ձեռագրերի մանրանկարչական արվեստը
260 ## - PUBLICATION, DISTRIBUTION, ETC.
Place of publication, distribution, etc. Yerevan :
Name of publisher, distributor, etc. Matenadaran,
Date of publication, distribution, etc. 2025.
300 ## - PHYSICAL DESCRIPTION
Extent 344 p.
500 ## - GENERAL NOTE
General note Catalogue
650 14 - SUBJECT ADDED ENTRY--TOPICAL TERM
Topical term or geographic name entry element Armenian Manuscript painting
650 14 - SUBJECT ADDED ENTRY--TOPICAL TERM
Topical term or geographic name entry element Armenian Manuscript
700 1# - ADDED ENTRY--PERSONAL NAME
Personal name Maranci, Christina
Relationship com
700 1# - ADDED ENTRY--PERSONAL NAME
Personal name Sargsyan, Lusine
Relationship com
-- edt
710 2# - ADDED ENTRY--CORPORATE NAME
Corporate name or jurisdiction name as entry element Matenadaran, Mesrop Mashtots Institute of Ancient Manuscripts
942 ## - ADDED ENTRY ELEMENTS (KOHA)
Source of classification or shelving scheme Universal Decimal Classification
Koha item type Գրքեր / Books
Holdings
Withdrawn status Lost status Source of classification or shelving scheme Damaged status Not for loan Collection Home library Current library Date acquired Total checkouts Full call number Barcode Date last seen Price effective from Koha item type Public note
    Universal Decimal Classification     General Fundamental Scientific Library Fundamental Scientific Library 30/01/2026   И III/22565 FL0702914 30/01/2026 30/01/2026 Գրքեր / Books 30 Days Loan


ՀՀ ԳԱԱ հիմնարար գիտական գրադարան
ՀՀ,Երևան 0019
Մարշալ Բաղրամյան 24/6
հեռախոս:(374-10) 52-47-50
Հետադարձ կապ

All site content, except where otherwise noted, is licensed under a
Creative Commons License